المفكرون الاحرار في الاسلام : (Record no. 12687)
[ view plain ]
| 000 -الفاتح | |
|---|---|
| حقل البيانات ثابتة الطول | 00927nam a22002057a 4500 |
| 008 - عناصر البيانات ثابتة الطول - معلومات عامة | |
| حقل البيانات ثابتة الطول | 090825s ua||||gr|||| 00| u ara d |
| 020 ## - الرقم الدولى المعيارى للكتب | |
| الرقم الدولى المعيارى للكتاب | 9781855162839 |
| 082 ## - رقم تصنيف ديوى العشرى | |
| رقم الطبعة | 22 |
| رقم التصنيف | 214.1 |
| رقم المادة | ا و ر |
| 100 ## - المدخل الرئيسى - إسم شخصى | |
| 9 (RLIN) | 8600 |
| الإسم الشخصى | اورفوا، دومينيك. |
| 240 ## - العنوان الموحد | |
| عنوان موحد | dominique urvoy , les penseurs libres dans l islam classique. |
| لغة العمل | fr |
| 245 ## - بيان العنوان | |
| العنوان | المفكرون الاحرار في الاسلام : |
| بقية العنوان | تساؤلات المفكرين العرب المستقلين حول الدين / |
| بيان المسئوليه,etc | دومينيك اورفوا ؛ ترجمة جمال شحيد ؛ مراجعة مروان الداية. |
| 260 ## - PUBLICATION, DISTRIBUTION, ETC. (IMPRINT) | |
| مكان الناشر او الموزع | بيروت : |
| اسم الناشر او الموزع | دار الساقي ، |
| تاريخ النشر أو التوزيع | 2008. |
| 300 ## - الوصف المادى | |
| التعداد | ص245 ؛ |
| أبعاد الوعاء | 24 سم. |
| 650 ## - المدخل الاضافى بالموضوع-مصطلح موضوعى | |
| 9 (RLIN) | 8604 |
| مصطلح موضوعي أو اسم جغرافي كعنصر مدخل | الاسلام والفلسفة |
| 650 ## - المدخل الاضافى بالموضوع-مصطلح موضوعى | |
| 9 (RLIN) | 352 |
| مصطلح موضوعي أو اسم جغرافي كعنصر مدخل | الفلاسفة المسلمون |
| 700 ## - المدخل الاضافى - اسم شخصى | |
| 9 (RLIN) | 8606 |
| الإسم الشخصى | شحيد، جمال. |
| 700 ## - المدخل الاضافى - اسم شخصى | |
| 9 (RLIN) | 8606 |
| الإسم الشخصى | شحيد، جمال . |
| 700 ## - المدخل الاضافى - اسم شخصى | |
| 9 (RLIN) | 8607 |
| الإسم الشخصى | الداية، مروان |
| 942 ## - عناصر المدخل الإضافي( كوها) | |
| مصدر التصنيف او مخطط الترفيف | Dewey Decimal Classification |
| Koha [default] item type | Book - Borrowing |
| حالة التراجع | حالة الفقد | مصدر التصنيف او خطة الترفيف | حالة تلف | ليس للاعارة | مجموعات كوها | المكان الدائم | المكان الحالي | موقع الترفيف | تاريخ الاكتساب | Source of acquisition | سعر الشراء الطبيعي | تعداد مسلسل / التسلسل الزمني | رقم الاستدعاء | الباركود | Date last seen | نوع الوعاء |
|---|---|---|---|---|---|---|---|---|---|---|---|---|---|---|---|---|
| Dewey Decimal Classification | Central Library | Central Library | Lower Floor | 25/08/2009 | 55.00 | 1 | 214.1 اور | 000018110 | 15/07/2025 | Book - Borrowing |